|
|
|
|
| LEADER |
00000cam a2200000 7i4500 |
| 001 |
0000031003 |
| 005 |
20110510.0 |
| 008 |
110510 |
| 020 |
|
|
|a 9866786839
|
| 090 |
0 |
0 |
|a 509.22
|b MUR
|
| 100 |
1 |
|
|a Murotani, Tsunezo
|
| 245 |
1 |
0 |
|a Discoveries and inventions of Great Scientists (Chinese)
|c [Shigu Chang cang bian zhu ; Xiang Qin yi] = Honest little monkey
|
| 260 |
|
|
|a Taibei :
|b Hang xiang wen hua shi ye gong si ,
|c 2004
|
| 440 |
|
|
|a Lee yue du ; 10
|
| 650 |
|
0 |
|a Scientists
|x Biography
|
| 650 |
|
0 |
|a Scientists
|x Caricatures and cartoons
|
| 999 |
|
|
|a 0001084042
|b Book
|c Chinese Collection
|e Perbadanan Perpustakaan Awam Johor
|